Season 3 SNL Hosts by Picture - Statistics

General Stats
  • This quiz has been taken 32 times
  • The average score is 8 of 17
Answer Stats
Picture Answer % Correct
Steve Martin
97%
Chevy Chase
93%
OJ Simpson
93%
Art Garfunkel
87%
Ray Charles
83%
Buck Henry
57%
Hugh Hefner
50%
Richard Dreyfuss
50%
Madeline Kahn
43%
Charles Grodin
40%
Christopher Lee
33%
Michael Palin
27%
Jill Clayburgh
23%
Robert Klein
20%
Mary Kay Place
13%
Michael Sarrazin
13%
Miskel Spillman
10%
No matching quizzes found
Score Distribution
Percent of People with Each Score
Percentile by Number Answered
Your Score History
You have not taken this quiz